000 00732nam a2200289Ia 4500
005 20260324143522.0
008 008 260324s9999 xx 000 0 eng d
020 _a9781003215820
037 _aEBOOK
040 _aCRL
040 _beng
040 _cCRL
041 _2eng
041 _aeng
084 _qCRL
100 _aFrank S. Kessel; Marc H. Bornstein; Arnold J. Sameroff
_91215922
245 0 _aContemporary Constructions of the Child
245 0 _bEssays in Honor of William Kessen
260 _bTaylor and Francis
260 _c1991
365 _a
365 _b205
856 _uhttp://www.taylorfrancis.com/books/9781003215820
942 _cEBOOK
999 _c1821431
_d1821431